00452nam a2200157Ia 450000500170000000800410001704000190005804100120007708200150008910000220010424500860012626000380021230000110025065000230026185000100028420260609135155.0131103s9999 xx 000 0 und d aLoreto College aEnglish a823.AbBRE aBin, Brent of Bin aUp the countryb A tale of the jumbuck pads on the summer runs cBrent of Bin Bin aLondonbAngus and robertsonc1951 a272p.  aEnhlish literature aLCLIB